000 00469nam a2200145 a 4500
001 000044660
005 20201002045532.0
008 141215s2013 dr a 000 0 spa d
020 _a9789945585001
040 _aDO-SdBNP
_bspa
_cBNPHU
110 1 _aRepública Dominicana
_b[Constitución]
_959120
245 1 0 _aAdolescentes interpretan la constitución :
_bDerecho a la educación.
260 _aSanto Domingo :
_bPoder Judicial,
_c2013.
300 _a62 p. :
_bil. ;
_c17 cm.
999 _c44149
_d44149